000
00377cam a2200169ua 4500
020
_c
Rs/3.oo
041
_a
eng
_h
082
_a
370.15
_b
PAU/ED
100
_a
T. Paul , Varhese .
245
_a
educational physiology
260
_a
Trichur :
_b
Current books ,
_c
1962.
300
_a
; .
365
_a
Rs/3.oo
504
_a
942
_c
BK
999
_c
11204
_d
11204